| 000 | 00546nam a22001937a 4500 | ||
|---|---|---|---|
| 003 | CEME | ||
| 005 | 20210628201925.0 | ||
| 008 | 210208b xxu||||| |||| 00| 0 eng d | ||
| 020 | _a81-203-0845-XV | ||
| 040 | _c. | ||
| 082 | _a519.402462 MAT | ||
| 100 |
_aMathews, John.H _939452 |
||
| 245 | _aNumerical methods for mathematics, science and engineering | ||
| 250 | _a2ND | ||
| 260 |
_aNEW DELHI _bPRENTICE HALL _c2003 |
||
| 300 | _aX,647P | ||
| 650 |
_aNUMERICAL METHODS FOR MATHEMATICS, SCIENCE AND ENGINEERING _957442 |
||
| 942 |
_cBK _2ddc |
||
| 999 |
_c567723 _d567723 |
||